000
00326nam a2200145Ia 4500
100
_a
Knightson/Keith G
942
_c
BK
654
_a
Protocol
245
_a
OSI Protocol Confromance testing IS9646 explained
260
_b
Mc Graw Hill
_c
1993
082
_a
4.62
_b
KNI
300
_a
238
546
_a
ENGLISH
999
_c
24961
_d
24961